| 000 | 00919nas a2200301 4500 | ||
|---|---|---|---|
| 001 | BR2012007370 | ||
| 003 | BR-BrBNA | ||
| 005 | 20231205121318.0 | ||
| 007 | ta | ||
| 008 | 230509b bl.|||p| |||| 00| 00por d | ||
| 040 |
_aBR-BrBNA _bpor _cBiblioteca Nacional de Agricultura |
||
| 041 | _a(Pt) | ||
| 072 | _aC30; L10; L52 | ||
| 100 | 1 | _aMartins, C.E.N. | |
| 100 | 1 | _aQuadros, S.A.F. de | |
| 100 | 1 | _aTrindade, J.P.P. | |
| 100 | 1 | _aQuadros, F.L.F. de | |
| 245 | 1 | _aUso de algoritimo de otimização na determinação de tipos de animal funcional | |
| 650 | _aGADO DE CORTE | ||
| 650 | _aBIOTIPO | ||
| 650 | _aCONDIÇÃO CORPORAL | ||
| 650 | _aCONDIÇÃO AMBIENTAL | ||
| 650 | _aINTERAÇÃO GENÉTICA | ||
| 650 | _aCOMPUTADOR | ||
| 773 | 0 |
_tCiência Rural (Brazil) _xISSN 0103-8478 _g(Aug 2012), v. 42(8) p. 1464-1470 _wBR2012007370 |
|
| 909 |
_a202311 _bLúcia _c55 _dLúcia Elande |
||
| 942 |
_2AGRIS _n0 _cANA |
||
| 999 |
_c222882 _d222882 |
||